000 00298nam a2200121Ia 4500
005 20251222144759.0
008 251222s9999||||xx |||||||||||||| ||spa||
020 _a0-8213-4961-9
082 _a370.985/W84
245 0 _aPeruviana Education at a Crossroads
264 _bThe World Bank
942 _cLIB
999 _c19658
_d19658